|
|
|
|
| LEADER |
00000nam a22000007a 4500 |
| 008 |
201221b ||||| |||| 00| 0 eng d |
| 020 |
|
|
|a 978- 1-4462-7427-9
|
| 100 |
|
|
|a DUKES, Chris
|a Smith, Maggie
|
| 245 |
|
|
|a Provision and progress for two year olds
|c Chris Dukes and Maggie Smith
|g xi, 93p., ill.
|
| 260 |
|
|
|b SAGE
|c 2014
|h Los Angeles
|i 692648
|i 692649
|l LB1139 .D88
|m Early childhood education
|m Early childhood education – Great Britain
|m Toddlers – Development
|
| 500 |
|
|
|a “It includes references and index”.
|
| 942 |
|
|
|a lcc
|c BK
|e O.A.JOHNSON
|f 21/12/20
|
| 952 |
|
|
|0 0
|1 0
|2 lcc
|4 0
|6 LB1139 D88
|7 0
|9 1076
|a HOL
|b ED
|c LP
|d 2020-12-21
|l 0
|o LB1139 .D88
|p 2020-230291
|r 2020-12-21 00:00:00
|w 2020-12-21
|y BK
|
| 952 |
|
|
|0 0
|1 0
|2 lcc
|4 0
|6 LB1139 D88
|7 0
|9 1077
|a HOL
|b HOL
|c LP
|d 2020-12-21
|l 0
|o LB1139 .D88
|p 2020-230292
|r 2020-12-21 00:00:00
|w 2020-12-21
|y BK
|
| 999 |
|
|
|c 556
|d 556
|